LEADER 00939cam0 2200265 450 001 E600200025904 005 20231124131147.0 100 $a20070319d2007 |||||ita|0103 ba 101 $aita 102 $aIT 200 1 $a<>sistema integrato dei servizi sociali$ecommento alla legge n.328 del 2000 e ai provvedimenti attuativi dopo la riforma del Titolo V della Costituzione$fcur.Enzo Balboni [et al] 205 $a2 ed. 210 $aMilano$cGiuffrè$d2007 215 $aXXII, 723 p.$d24 cm 300 $a(rp) 702 1$aBalboni, Enzo$3AF00023167$4070 801 0$aIT$bUNISOB$c20231124$gRICA 850 $aUNISOB 852 $aUNISOB$j340$m133607 912 $aE600200025904 940 $aM 102 Monografia moderna SBN 941 $aM 957 $a340$b005615$gSI$d133607$racquisto$1pomicino$2UNISOB$3UNISOB$420070319112931.0$520231124131147.0$6Spinosa 996 $aSistema integrato dei servizi sociali$9167539 997 $aUNISOB